| 000 | 00740nam a2200205 a 4500 | ||
|---|---|---|---|
| 001 | 000049075 | ||
| 005 | 20201002061632.0 | ||
| 008 | 190717s2004 dr 000 0 spa d | ||
| 040 |
_aDO-SdBNP _bspa _cBNPHU |
||
| 082 |
_axx _bxx |
||
| 100 | 1 |
_aDomínguez Cruz, Franklín _976460 |
|
| 245 | 1 | 0 |
_aSantiago Rodríguez : _bel patriota ignorado, historia crítica de la Restauración / _cFranklín Domínguez Cruz. |
| 250 | _a2a. ed. | ||
| 260 |
_aSanto Domingo, República Dominicana : _bConsejo Nacional de Frontera, _c2004. |
||
| 300 |
_a123 p. ; _c23 cm. |
||
| 490 | 1 | _aNuestra Frontera | |
| 500 | _aIncluye datos biográficos del autor en la solapa de la cubierta | ||
| 590 | _aInventariado, 2019/VM | ||
| 830 | 0 |
_aNuestra Frontera _943857 |
|
| 999 |
_c48563 _d48563 |
||